01244 2200301 4500001002100000005001500021035002000036008004100056020000600097041000800103082001100111084001700122100002300139245007900162250001100241260004800252300008000300504006600380520028900446650002300735700002800758990002600786990002600812990002600838990002600864990002600890990002600916INLIS00000000000225920221112105930 a0010-0520002259221112 | | ind  a- aind a658.31 a658.31 MOB p0 aMobley, William H.1 aPergantian Karyawan: Sebab Akibat dan Pengendaliannya /cWilliam H. Mobley acet.1. aJakarta :bPustaka Binaman Pressindo,c1986 aXVIII,22 hlm.; 24 cm(seri manajemen no.127) ;c24 cm(seri manajemen no.127) ajudul asli; Eployee turnover ;causes,conseguences and control aPergantian karyawan terutama bila terjadi secara eksesif, merupakan pengalaman yang pahit dan sekaligus kurang menguntungkan bagi kehidupan bisnis. Buku ini memaparkan gambaran konkret mengenai sebab akibat dan implikasi-implikasi baik positif maupun negatif dari pergantian karyawan. 4aManajemen karyawan0 aNurul Iman [Penerjemah] a03296/MKRI-P/III-2006 a03295/MKRI-P/III-2006 a03296/MKRI-P/III-2006 a03295/MKRI-P/III-2006 a03295/MKRI-P/III-2006 a03296/MKRI-P/III-2006